Introction to Materials Mnagement (Record no. 2527)
[ view plain ]
| 005 - DATE AND TIME OF LATEST TRANSACTION | |
|---|---|
| control field | 20250522140339.0 |
| 020 ## - INTERNATIONAL STANDARD BOOK NUMBER | |
| International Standard Book Number | 978-0-13-242550-6 |
| 082 ## - DEWEY DECIMAL CLASSIFICATION NUMBER | |
| Classification number | 657.7 ARN |
| 100 ## - MAIN ENTRY--PERSONAL NAME | |
| Author name | ARNOLD, J. R. T. |
| 245 ## - TITLE STATEMENT | |
| Title | Introction to Materials Mnagement |
| 250 ## - EDITION STATEMENT | |
| Edition statement | 6th Ed |
| 260 ## - PUBLICATION, DISTRIBUTION, ETC. | |
| Place of publication, distribution, etc. | Australia, |
| Name of publisher, distributor, etc. | Prentice Hall, |
| Date of publication, distribution, etc. | 2008. |
| 300 ## - PHYSICAL DESCRIPTION | |
| Extent | xii, 515p.: ill.; figure, table |
| Other physical details | Index |
| Dimensions | 23cm. |
| 700 ## - ADDED ENTRY--PERSONAL NAME | |
| Other authors/Editors | CHAPMAN, S. N. & CLIVE, L. M. |
| 856 ## - ELECTRONIC LOCATION AND ACCESS | |
| Link text | Access Online Book |
| Electronic name | Materials Management |
| Path | www.prenhall.com |
| 942 ## - ADDED ENTRY ELEMENTS (KOHA) | |
| Source of classification or shelving scheme | Dewey Decimal Classification |
| Koha item type | Books |
| Date last seen | Total checkouts | Full call number | Barcode | Cost, replacement price | Price effective from | Koha item type | Lost status | Source of classification or shelving scheme | Damaged status | Not for loan | Withdrawn status | Home library | Current library | Shelving location | Date acquired | Cost, normal purchase price |
|---|---|---|---|---|---|---|---|---|---|---|---|---|---|---|---|---|
| 05/22/2025 | 658.7 ARN | 0000009486 | 88500.00 | 05/22/2025 | Books | Dewey Decimal Classification | College of Business Education Main Library | College of Business Education Main Library | General Collection | 10/26/2009 | 29500.00 | |||||
| 05/22/2025 | 658.7 ARN | 0000009487 | 88500.00 | 05/22/2025 | Books | Dewey Decimal Classification | College of Business Education Main Library | College of Business Education Main Library | General Collection | 10/26/2009 | 29500.00 | |||||
| 05/22/2025 | 658.7 ARN | 0000009488 | 88500.00 | 05/22/2025 | Books | Dewey Decimal Classification | College of Business Education Main Library | College of Business Education Main Library | General Collection | 10/26/2009 | 29500.00 | |||||
| 05/22/2025 | 658.7 ARN | 0000009489 | 88500.00 | 05/22/2025 | Books | Dewey Decimal Classification | College of Business Education Main Library | College of Business Education Main Library | General Collection | 10/26/2009 | 29500.00 | |||||
| 06/03/2025 | 658.7 ARN | 00000010722 | 88500.00 | 06/03/2025 | Books | Dewey Decimal Classification | College of Business Education Main Library | College of Business Education Main Library | Special Reserve Collection | 10/26/2009 | 29500.00 |
